[Event "9th EUROPEAN  INDIVIDUAL  WOME"]
[Site "Plovdiv, Bulgaria"]
[Date "2008.04.26"]
[Round "6"]
[Board "1"]
[White "Klinova, Masha"]
[Black "Franciskovic, Borka"]
[Result "0-1"]
[WhiteElo "2318"]
[BlackElo "2240"]
[PlyCount "118"]
[EventDate "2008.04.21"]
[EventRounds "11"]
[EventCountry "BUL"]

1.e4 c6 2.d4 d5 3.exd5 cxd5 4.Bd3 Nc6 5.c3 Qc7 6.h3 Nf6 7.Nf3 g6 8.Bg5 Bg7 9.O-O
O-O 10.Nbd2 Nh5 11.Qb3 Be6 12.Rae1 Rad8 13.Bh4 Bf6 14.Bxf6 exf6 15.Re3 Nf4
16.Rfe1 Qd7 17.Bf1 Rfe8 18.Kh2 a6 19.g3 Nh5 20.Qb6 Qd6 21.Bg2 Ne7 22.Qxd6 Rxd6
23.Nb3 b6 24.Nfd2 Kf8 25.Bf1 Ra8 26.Nc1 Ng7 27.Nd3 g5 28.f4 h6 29.Nf3 Ra7 30.Bg2
Nc6 31.g4 f5 32.Nfe5 a5 33.Rf1 Nxe5 34.dxe5 Rd8 35.fxg5 hxg5 36.gxf5 Nxf5
37.Ref3 Nh4 38.Rf6 Kg7 39.Rg1 Ng6 40.Bf1 Nxe5 41.Rxe6 Nf3+ 42.Kg3 Nxg1 43.Re1 f5
44.Bg2 Nxh3 45.Bxh3 Kf6 46.Re5 g4 47.Bg2 Re7 48.Kf4 Rxe5 49.Nxe5 d4 50.Bf1 dxc3
51.bxc3 Rd2 52.Bb5 Rf2+ 53.Ke3 Rb2 54.Nd7+ Ke6 55.Bd3 Kxd7 56.Bxf5+ Kd6 57.Bxg4
Rxa2 58.Kd3 Kc5 59.Be6 Rh2

[Event "9th EUROPEAN  INDIVIDUAL  WOME"]
[Site "Plovdiv, Bulgaria"]
[Date "2008.04.26"]
[Round "6"]
[Board "1"]
[White "Petrenko, Svetlana"]
[Black "Seps, Monika"]
[Result "0-1"]
[WhiteElo "2314"]
[BlackElo "2237"]
[PlyCount "110"]
[EventDate "2008.04.21"]
[EventRounds "11"]
[EventCountry "BUL"]

1.e4 c5 2.Nf3 d6 3.d4 cxd4 4.Nxd4 Nf6 5.Nc3 a6 6.Be2 e5 7.Nf3 h6 8.O-O Be7 9.a4
Be6 10.b3 O-O 11.Bb2 Nc6 12.h3 Rc8 13.Re1 Qa5 14.Bd3 Nb4 15.Na2 Nxd3 16.cxd3 Qb6
17.Nc1 Qc6 18.Re2 Nh5 19.d4 Nf4 20.Re1 Qc2 21.Ba3 Rfe8 22.Ra2 Qxd1 23.Rxd1 Rc3
24.d5 {Diagram #} Bxh3 25.Bb4 Bxg2 26.Bxc3 Bxf3 27.Re1 f5 28.Bd2 fxe4 29.Bxf4
exf4 30.Ne2 Bf6 31.Nxf4 Re5 32.Rc2 h5 33.Re3 Bg5 34.Rc8+ Kh7 35.Rf8 Bxf4 36.Rxf4
Rxd5 37.Rf7 Rd1+ 38.Kh2 h4 39.Rexf3 exf3 40.Rxf3 Rd4 41.Kh3 Kg6 42.Rc3 Rb4
43.Rd3 Kh5 44.f3 g5 45.Kg2 Rb6 46.Kh3 Kg6 47.f4 Kf5 48.fxg5 Kxg5 49.Rf3 d5
50.Kg2 Rd6 51.Rd3 Kf4 52.Rd4+ Ke3 53.Rxh4 d4 54.Rh7 Rb6 55.Kf1 Kd2

[Event "9th EUROPEAN  INDIVIDUAL  WOME"]
[Site "Plovdiv, Bulgaria"]
[Date "2008.04.26"]
[Round "6"]
[Board "1"]
[White "Rudolf, Anna"]
[Black "Jelica, Mara"]
[Result "1-0"]
[WhiteElo "2302"]
[BlackElo "2206"]
[PlyCount "120"]
[EventDate "2008.04.21"]
[EventRounds "11"]
[EventCountry "BUL"]

1.e4 c5 2.b3 Nc6 3.Bb2 d6 4.Bb5 e5 5.Bxc6+ bxc6 6.Ne2 Qg5 7.O-O Nf6 8.f4 exf4
9.Nxf4 Be7 10.d3 O-O 11.Nd2 d5 12.Qe2 Bd6 13.Bxf6 Qxf6 14.g3 Qc3 15.Rac1 Bd7
16.Nf3 Rae8 17.Qd2 Qf6 18.Rce1 Bg4 19.e5 Bxe5 20.Nxe5 Rxe5 21.Nxd5 Qd6 22.Qf4
Rxd5 23.Qxg4 Qc7 24.Re2 f5 25.Qc4 Kh8 26.Qe4 h6 27.Qe7 Qb8 28.Rfe1 Kh7 29.Rf1 a5
30.a4 Qc8 31.Qe6 Qd8 32.Qxc6 Rf6 33.Re6 Rf8 34.Kg2 Rd4 35.Qxc5 f4 36.Rf3 Rd5
37.Qc4 Rd4 38.Qc6 Qb8 39.Qb6 Qc8 40.Qxd4 Qxe6 41.Qe4+ Qxe4 42.dxe4 Rc8 43.gxf4
Rxc2+ 44.Kg3 Kg6 45.Rd3 Kf6 46.h3 Ke6 47.Rd5 Rc3+ 48.Kg4 Rxb3 49.Rxa5 Re3
50.Ra6+ Kf7 51.e5 h5+ 52.Kxh5 Rxh3+ 53.Kg4 Rh1 54.Kf5 Rh5+ 55.Ke4 Rh1 56.Ra7+
Kg6 57.f5+ Kh6 58.Kd5 Kg5 59.Ke6 Rh6+ 60.f6 gxf6

[Event "9th EUROPEAN  INDIVIDUAL  WOME"]
[Site "Plovdiv, Bulgaria"]
[Date "2008.04.26"]
[Round "6"]
[Board "1"]
[White "Shaidullina, Sandugach"]
[Black "Makka, Ioulia"]
[Result "1/2-1/2"]
[WhiteElo "2298"]
[BlackElo "2204"]
[PlyCount "89"]
[EventDate "2008.04.21"]
[EventRounds "11"]
[EventCountry "BUL"]

1.d4 Nf6 2.c4 e6 3.Nf3 b6 4.Nc3 Bb4 5.Qc2 Bb7 6.Bg5 h6 7.Bh4 g5 8.Bg3 Ne4 9.Be5
f6 10.d5 exd5 11.cxd5 Bxc3+ 12.Bxc3 Bxd5 13.Rd1 Bb7 14.h4 g4 15.Nd4 Qe7 16.f3
gxf3 17.gxf3 Nxc3 18.bxc3 Rg8 19.Nf5 Qf8 20.Qd2 h5 21.Bh3 Qc5 22.Kf1 Rg6 23.Qc2
Kf7 24.Rd4 d5 25.Ne3 Nc6 26.Bf5 Rg7 27.Rd3 Ba6 28.Nxd5 Bxd3 29.Qxd3 Ne5 30.Qd4
Qxd4 31.cxd4 Nc6 32.Nxc7 Rb8 33.Ne6 Rgg8 34.e4 Ne7 35.Bh3 Rbc8 36.Ke2 Rc2+
37.Ke3 Rxa2 38.Nf4 Ra3+ 39.Kf2 Rd8 40.Be6+ Kf8 41.d5 b5 42.Rb1 a6 43.Rd1 Nc8
44.Rg1 Ke7 45.Rc1

[Event "9th EUROPEAN  INDIVIDUAL  WOME"]
[Site "Plovdiv, Bulgaria"]
[Date "2008.04.26"]
[Round "6"]
[Board "1"]
[White "Fakhiridou, Ekaterini"]
[Black "Tsiganova, Monika"]
[Result "0-1"]
[WhiteElo "2292"]
[BlackElo "2198"]
[PlyCount "132"]
[EventDate "2008.04.21"]
[EventRounds "11"]
[EventCountry "BUL"]

1.e4 c5 2.Nf3 d6 3.c3 Nf6 4.Bd3 Bg4 5.h3 Bxf3 6.Qxf3 Nc6 7.O-O g6 8.Bc2 Bg7 9.d3
O-O 10.Qe2 b5 11.Be3 b4 12.Ba4 Qb6 13.cxb4 Nxb4 14.Nc3 Rab8 15.Rab1 Qa6 16.e5
Nfd5 17.exd6 Nxe3 18.dxe7 Nxf1 19.exf8=Q+ Kxf8 20.Re1 Bd4 21.Bb3 Kg7 22.Rxf1
Qxd3 23.Rd1 Qf5 24.Rd2 Rb6 25.Nd1 Nd5 26.Ne3 Nxe3 27.fxe3 Qb1+ 28.Rd1 Qe4 29.Rd3
Rf6 30.Bc2 Bxb2 31.Rb3 Qe5 32.Bxg6 hxg6 33.Qxb2 Qg3 34.e4 Qe1+ 35.Kh2 Qxe4
36.Rf3 Qd4 37.Qxd4 cxd4 38.Rd3 Rd6 39.Kg3 f5 40.Kf3 Kf6 41.Ke2 Ke5 42.Ra3 a6
43.Kd3 Kf4 44.Rb3 Kg3 45.Rb2 g5 46.a4 g4 47.hxg4 fxg4 48.a5 Rd5 49.Ra2 Kf4
50.Rf2+ Kg3 51.Ra2 Kh2 52.Kc4 Rd8 53.Kd3 g3 54.Rb2 Rd5 55.Ra2 Rf5 56.Rb2 Rxa5
57.Kxd4 Rf5 58.Ke3 Kg1 59.Ra2 Rf6 60.Ke4 Rf2 61.Rxa6 Kxg2 62.Ke3 Rf8 63.Rg6 Kh2
64.Ke2 g2 65.Rh6+ Kg1 66.Rh7 Re8+

[Event "9th EUROPEAN  INDIVIDUAL  WOME"]
[Site "Plovdiv, Bulgaria"]
[Date "2008.04.26"]
[Round "6"]
[Board "1"]
[White "Popova, Natalija"]
[Black "Levushkina, Elena"]
[Result "1/2-1/2"]
[WhiteElo "2239"]
[BlackElo "2291"]
[PlyCount "107"]
[EventDate "2008.04.21"]
[EventRounds "11"]
[EventCountry "BUL"]

1.e4 c5 2.Nf3 d6 3.d4 cxd4 4.Nxd4 Nf6 5.Nc3 g6 6.Bc4 Bg7 7.h3 O-O 8.Be3 Nc6
9.Bb3 Bd7 10.Nf3 Rc8 11.O-O a6 12.Re1 Na5 13.Qd3 b5 14.a3 Nxb3 15.cxb3 Qc7
16.Bg5 Bc6 17.Rac1 Qb7 18.Nd4 Rfe8 19.Nxc6 Rxc6 20.Rc2 Nd7 21.Qd1 h6 22.Bh4 Nb6
23.Bg3 Kh7 24.Bf4 Rec8 25.Be3 Nd7 26.Ree2 Nc5 27.b4 Nd7 28.Nd5 Rxc2 29.Rxc2 Rxc2
30.Qxc2 Nf6 31.Nxf6+ Bxf6 32.b3 d5 33.exd5 Qxd5 34.a4 Qf5 35.Qc5 Be5 36.g4 Qb1+
37.Kg2 Bf6 38.axb5 axb5 39.Qxb5 Qe4+ 40.Kg1 Qb1+ 41.Qf1 Qxb3 42.b5 Be5 43.b6 f5
44.gxf5 gxf5 45.Qc1 Qg8+ 46.Kf1 Qd5 47.Qc5 Qd3+ 48.Kg2 Bd6 49.Qd4 Qb5 50.Bd2
Qc6+ 51.Kg1 Bc5 52.Qe5 Qxb6 53.Qxf5+ Qg6+ 54.Qxg6+

[Event "9th EUROPEAN  INDIVIDUAL  WOME"]
[Site "Plovdiv, Bulgaria"]
[Date "2008.04.26"]
[Round "6"]
[Board "1"]
[White "Andriasian, Siranush"]
[Black "Videnova, Iva"]
[Result "1/2-1/2"]
[WhiteElo "2278"]
[BlackElo "2178"]
[PlyCount "110"]
[EventDate "2008.04.21"]
[EventRounds "11"]
[EventCountry "BUL"]

1.e4 c5 2.Nf3 d6 3.d4 cxd4 4.Nxd4 Nf6 5.Nc3 g6 6.Be2 Bg7 7.O-O O-O 8.Re1 Nc6
9.Nb3 a6 10.Bf1 b5 11.a4 b4 12.Nd5 e6 13.Nxf6+ Bxf6 14.a5 d5 15.Bd3 Be5 16.Qf3
Re8 17.Ra2 d4 18.Qe2 Bc7 19.Bd2 Qd6 20.f4 e5 21.g3 exf4 22.gxf4 Qd8 23.Ra4 Qe7
24.Qf2 Rd8 25.Bc4 Be6 26.Bd5 Qd6 27.Bxc6 Qxc6 28.Rxb4 Bxb3 29.Rxb3 Qxc2 30.Rb7
Qc6 31.Rb3 Qa4 32.Rh3 d3 33.b4 Qd7 34.Qh4 Qd4+ 35.Be3 Qxb4 36.Qxh7+ Kf8 37.Qh8+
Ke7 38.Qh4+ Kd7 39.Qg4+ f5 40.Qg3 d2 41.Rd1 Kc8 42.e5 Qc3 43.Bxd2 Qc2 44.Qe1 Rb8
45.Rc3 Qa4 46.Rdc1 Rb7 47.Rc4 Qb5 48.Rb4 Qd5 49.Rxb7 Kxb7 50.Rb1+ Kc8 51.Bb4
Qd4+ 52.Qf2 Qe4 53.Qf1 Qd4+ 54.Kg2 Qe4+ 55.Kg1 Qd4+

[Event "9th EUROPEAN  INDIVIDUAL  WOME"]
[Site "Plovdiv, Bulgaria"]
[Date "2008.04.26"]
[Round "6"]
[Board "1"]
[White "Mijovic, Aleksandra"]
[Black "Ionica, Iulia Ionela"]
[Result "0-1"]
[WhiteElo "2222"]
[BlackElo "2278"]
[PlyCount "76"]
[EventDate "2008.04.21"]
[EventRounds "11"]
[EventCountry "BUL"]

1.e4 c5 2.Nf3 e6 3.d4 cxd4 4.Nxd4 Nf6 5.Nc3 d6 6.Be2 a6 7.Be3 Be7 8.g4 Qc7 9.g5
Nfd7 10.f4 b5 11.a3 Nb6 12.Qd2 N8d7 13.f5 Ne5 14.f6 gxf6 15.gxf6 Nbc4 16.Bxc4
Nxc4 17.Qf2 Bf8 18.O-O-O h5 19.Bg5 Qc5 {Diagram #} 20.Bh4 Nxa3 21.bxa3 Qxa3+
22.Kb1 Qxc3 23.Rd3 Qc5 24.Qd2 Bd7 25.Nb3 Qc6 26.Rd1 e5 27.Na5 Qxe4 28.Rxd6 Bh6
29.Bg5 Bxg5 30.Qxg5 Bf5 31.R1d2 Qb4+ 32.Kc1 Qxa5 33.R2d5 Qa3+ 34.Kd2 Qb4+ 35.Kc1
Qa3+ 36.Kd2 Qb4+ 37.Kc1 Qe4 38.Rd3 Qf4+

[Event "9th EUROPEAN  INDIVIDUAL  WOME"]
[Site "Plovdiv, Bulgaria"]
[Date "2008.04.26"]
[Round "6"]
[Board "1"]
[White "Nikolova, Adriana"]
[Black "Cherednichenko, Svetlana"]
[Result "1-0"]
[WhiteElo "2219"]
[BlackElo "2270"]
[PlyCount "57"]
[EventDate "2008.04.21"]
[EventRounds "11"]
[EventCountry "BUL"]

1.e4 e6 2.d4 d5 3.Nd2 Nf6 4.e5 Nfd7 5.f4 c5 6.c3 Nc6 7.Ndf3 Qb6 8.a3 cxd4 9.cxd4
Na5 10.b4 Nc4 11.Bxc4 dxc4 12.Bd2 Qc6 13.Ne2 b5 14.O-O Bb7 15.Nc3 Nb6 16.Rf2 a5
17.bxa5 Rxa5 {Diagram #} 18.d5 exd5 19.Nd4 Qc5 20.Be1 Rxa3 21.Rxa3 Qxa3 22.Ncxb5
Qe3 23.Nf5 Qb3 24.Nbd6+ Kd7 25.Qg4 h5 26.Qg5 g6 27.Nxb7 Qd1 28.Rf1 gxf5 29.Bf2

[Event "9th EUROPEAN  INDIVIDUAL  WOME"]
[Site "Plovdiv, Bulgaria"]
[Date "2008.04.26"]
[Round "6"]
[Board "1"]
[White "Bensdorp, Marlies"]
[Black "Efroimski, Marsel"]
[Result "1-0"]
[WhiteElo "2268"]
[BlackElo "2081"]
[PlyCount "69"]
[EventDate "2008.04.21"]
[EventRounds "11"]
[EventCountry "BUL"]

1.d4 d5 2.c4 e6 3.Nf3 c6 4.e3 Nf6 5.Bd3 Nbd7 6.Nbd2 dxc4 7.Nxc4 c5 8.O-O cxd4
9.exd4 Be7 10.Bg5 h6 11.Bf4 Nb6 12.Rc1 Nbd5 13.Bg3 O-O 14.Nfe5 Ne8 15.a3 Nd6
16.Nxd6 Bxd6 17.Bb1 f5 18.Qd3 a5 19.Rfe1 b6 20.Nc6 Qd7 21.Bxd6 Qxd6 22.Ba2 Nf4
23.Qf3 Bb7 24.Ne7+ Qxe7 25.Qxf4 Bc8 26.d5 Ra7 27.d6 Qb7 28.Rc7 Qa6 29.Bc4 b5
30.Bxb5 Qb6 31.Rxa7 Qxa7 32.Rc1 Qb7 33.Qe5 Qf7 34.Rc7 Qg6 35.d7

[Event "9th EUROPEAN  INDIVIDUAL  WOME"]
[Site "Plovdiv, Bulgaria"]
[Date "2008.04.26"]
[Round "6"]
[Board "1"]
[White "Rogule, Laura"]
[Black "Ni, Viktorija"]
[Result "1-0"]
[WhiteElo "2255"]
[BlackElo "2120"]
[PlyCount "75"]
[EventDate "2008.04.21"]
[EventRounds "11"]
[EventCountry "BUL"]

1.e4 c5 2.Nc3 e6 3.g3 a6 4.Bg2 Nc6 5.Nge2 d6 6.O-O Bd7 7.d3 Be7 8.Be3 Nf6 9.h3
Qc7 10.f4 h6 11.Qd2 Nh7 12.f5 O-O-O 13.Nf4 Bf6 14.Rab1 Rhe8 15.a3 Ne5 16.b4 Kb8
17.b5 Qa5 18.bxa6 Qxa6 19.Rb3 g6 20.Rfb1 Bc6 21.Qf2 g5 22.Nh5 Nd7 23.Nxf6 Nhxf6
24.fxe6 Rxe6 {Diagram #} 25.e5 dxe5 26.Bxc6 Rxc6 27.Rxb7+ Ka8 28.R7b5 Rb8
29.Rxb8+ Nxb8 30.Bxc5 Qc8 31.Rb5 Na6 32.Na4 Nd7 33.Qf3 f5 34.Qd5 Naxc5 35.Nxc5
Nf6 36.Ra5+ Kb8 37.Qxe5+ Qc7 38.Na6+

[Event "9th EUROPEAN  INDIVIDUAL  WOME"]
[Site "Plovdiv, Bulgaria"]
[Date "2008.04.26"]
[Round "6"]
[Board "1"]
[White "Sarakauskiene, Zivile"]
[Black "Makropoulou, Marina"]
[Result "0-1"]
[WhiteElo "2198"]
[BlackElo "2254"]
[PlyCount "64"]
[EventDate "2008.04.21"]
[EventRounds "11"]
[EventCountry "BUL"]

1.e4 e5 2.Nf3 Nc6 3.d4 exd4 4.Bc4 Bc5 5.c3 Nf6 6.e5 d5 7.Bb5 Ne4 8.cxd4 Bb6
9.Be3 O-O 10.Nc3 Bg4 11.Qa4 Ne7 12.h3 Bxf3 13.gxf3 Nxc3 14.bxc3 f6 15.f4 Nf5
16.Be2 c5 17.Bg4 fxe5 18.dxe5 Qh4 19.Bxf5 Rxf5 20.Qd7 Rf7 21.Qxd5 Rd8 22.Qc4 Qh5
23.Qe2 Qf5 24.Rd1 Rxd1+ 25.Qxd1 h6 26.Kf1 Kh7 27.Kg2 Rd7 28.Qb1 Rd3 29.e6 c4
30.Bxb6 Qe4+ 31.Kh2 Qxf4+ 32.Kg1 axb6

[Event "9th EUROPEAN  INDIVIDUAL  WOME"]
[Site "Plovdiv, Bulgaria"]
[Date "2008.04.26"]
[Round "6"]
[Board "1"]
[White "Lematschko, Tatjana"]
[Black "Nikoladze, Sopio"]
[Result "0-1"]
[WhiteElo "2189"]
[BlackElo "2249"]
[PlyCount "92"]
[EventDate "2008.04.21"]
[EventRounds "11"]
[EventCountry "BUL"]

1.d4 Nf6 2.c4 e6 3.Nf3 Bb4+ 4.Bd2 Bxd2+ 5.Nbxd2 d5 6.e3 O-O 7.Bd3 b6 8.O-O Bb7
9.Rc1 Nbd7 10.b4 a5 11.b5 Rc8 12.Ne5 Nxe5 13.dxe5 Nd7 14.f4 Nc5 15.Nb3 Nxd3
16.Qxd3 dxc4 17.Qxc4 Bd5 18.Qc2 c5 19.bxc6 Rxc6 20.Qb2 Rxc1 21.Rxc1 b5 22.Nd4 b4
23.Qe2 Qb6 24.Qc2 g6 25.g4 Ba8 26.g5 Qb7 27.Qc6 Rd8 28.Qxb7 Bxb7 29.a3 bxa3
30.Ra1 Ra8 31.Rxa3 Kf8 32.Ra4 Bd5 33.Kf2 Ke7 34.Ke2 Kd7 35.Kd2 Kc7 36.Nb5+ Kc6
37.Nd6 Bb3 38.Ra1 Kc5 39.Kc3 a4 40.Rc1 Ra7 41.h4 Bd5 42.Kb2+ Kb4 43.Rc8 a3+
44.Ka1 Ka4 45.Rc1 Ra6 46.e4 Bb3 {....}

[Event "9th EUROPEAN  INDIVIDUAL  WOME"]
[Site "Plovdiv, Bulgaria"]
[Date "2008.04.26"]
[Round "6"]
[Board "1"]
[White "Ohme, Melanie"]
[Black "Zhorzholiani, Meri"]
[Result "1-0"]
[WhiteElo "2248"]
[BlackElo "2133"]
[PlyCount "69"]
[EventDate "2008.04.21"]
[EventRounds "11"]
[EventCountry "BUL"]

1.e4 c5 2.Nf3 d6 3.d4 cxd4 4.Nxd4 Nf6 5.Nc3 Nc6 6.Be2 Nxd4 7.Qxd4 g6 8.O-O Bg7
9.Bg5 O-O 10.Qd2 Be6 11.Bf3 Rc8 12.Rfe1 Re8 13.Nd5 Bxd5 14.exd5 Qc7 15.c3 Qc4
16.Re2 Kf8 17.g3 a6 18.h4 b5 19.h5 Ng8 20.Re4 Qc7 21.hxg6 hxg6 22.Kg2 Rb8 23.Rh1
a5 24.Bh6 Nxh6 {Diagram #} 25.Rxh6 b4 26.c4 e5 27.dxe6 f5 28.Reh4 Bxh6 29.Qxh6+
Qg7 30.Qe3 Rbc8 31.Bd5 Rc5 32.Qf4 Rd8 33.Qg5 Re8 34.Rh6 Rxd5 35.Rxg6

[Event "9th EUROPEAN  INDIVIDUAL  WOME"]
[Site "Plovdiv, Bulgaria"]
[Date "2008.04.26"]
[Round "6"]
[Board "1"]
[White "Skinke, Katrina"]
[Black "Hairapetian, Anna"]
[Result "1/2-1/2"]
[WhiteElo "2204"]
[BlackElo "2115"]
[PlyCount "120"]
[EventDate "2008.04.21"]
[EventRounds "11"]
[EventCountry "BUL"]

1.e4 c5 2.Nf3 d6 3.d4 cxd4 4.Nxd4 Nf6 5.Nc3 a6 6.Be3 e5 7.Nb3 Be7 8.f3 Be6 9.Qd2
O-O 10.O-O-O a5 11.Na4 Nbd7 12.Bb5 Qc7 13.g4 Nc5 14.Nbxc5 dxc5 15.g5 Ne8 16.Bxe8
Rfxe8 17.Nc3 c4 18.Nd5 Bxd5 19.exd5 Bd6 20.c3 b5 21.Kb1 b4 22.Rc1 Reb8 23.Qe2
Rc8 24.h4 Rab8 25.h5 bxc3 26.Rxc3 Bb4 27.Rc2 Qb7 28.h6 g6 29.Rd1 Bd6 30.Ka1 a4
31.a3 c3 32.Rdc1 cxb2+ 33.Rxb2 Qxd5 34.Rxc8+ Rxc8 35.Qd2 Qxd2 36.Rxd2 Bxa3
37.Rd5 Bb4 38.Kb1 Bc3 39.Bc5 f6 40.gxf6 Kf7 41.Be7 e4 42.fxe4 Bxf6 43.Ba3 Re8
44.Rd7+ Be7 45.Ra7 Ke6 46.Rxa4 Bxa3 47.Rxa3 Re7 48.Kc2 Kf6 49.Kd3 Kg5 50.Kd4
Kxh6 51.Kd5 Kg5 52.e5 h5 53.Kd6 Re8 54.e6 h4 55.Kd7 Rh8 56.e7 Kg4 57.e8=Q Rxe8
58.Kxe8 h3 59.Kf7 h2 60.Ra1 Kg3

[Event "9th EUROPEAN  INDIVIDUAL  WOME"]
[Site "Plovdiv, Bulgaria"]
[Date "2008.04.26"]
[Round "6"]
[Board "1"]
[White "Stefanova, Milena"]
[Black "Gavasheli, Ana"]
[Result "0-1"]
[WhiteElo "2029"]
[BlackElo "2191"]
[PlyCount "88"]
[EventDate "2008.04.21"]
[EventRounds "11"]
[EventCountry "BUL"]

1.b4 d5 2.Bb2 Bf5 3.e3 e6 4.Nf3 Nf6 5.a3 Nbd7 6.Be2 Bd6 7.O-O e5 8.Nh4 Be6 9.f4
exf4 10.exf4 Nb6 11.d3 c5 12.bxc5 Bxc5+ 13.d4 Be7 14.Bd3 Ne4 15.Nf3 f5 16.Ne5
O-O 17.c4 Nxc4 18.Nxc4 dxc4 19.Bxe4 fxe4 20.Nc3 Bd5 21.Qh5 Bf7 22.Qd1 Bg6 23.g4
Bf6 24.Ne2 Qd7 25.g5 Be7 26.Ng3 Bd6 27.Qd2 b5 28.Rae1 Rae8 29.Bc1 Bc7 30.Qf2 a5
31.Be3 Bd6 32.Qa2 Bf7 33.f5 c3 34.Qg2 Bxg3 35.Qxg3 Bc4 36.Rf4 Rxf5 37.Qg4 Rf7
38.Rxe4 Qxg4+ 39.Rxg4 c2 40.Rg3 b4 41.axb4 axb4 42.Ra1 b3 43.Bc1 Rf1+ 44.Kg2 b2

[Event "9th EUROPEAN  INDIVIDUAL  WOME"]
[Site "Plovdiv, Bulgaria"]
[Date "2008.04.26"]
[Round "6"]
[Board "1"]
[White "Pavlidou, Ekaterini"]
[Black "Mammadova, Gulnar"]
[Result "0-1"]
[WhiteElo "1978"]
[BlackElo "2188"]
[PlyCount "62"]
[EventDate "2008.04.21"]
[EventRounds "11"]
[EventCountry "BUL"]

1.d4 d5 2.c4 e6 3.Nf3 c5 4.cxd5 exd5 5.Nc3 Nc6 6.g3 c4 7.Bg2 Bb4 8.O-O Nge7
9.Re1 O-O 10.Nh4 Qa5 11.Qd2 f5 12.a3 Be6 13.Rb1 Bd6 14.Bh3 Qb6 15.Rd1 Rf6 16.Nf3
h6 17.Na4 Qb5 18.Nc3 Qa6 19.b4 cxb3 20.Rxb3 Na5 21.Rb1 Nc4 22.Qd3 Raf8 23.Nb5
Bb8 24.Nd2 f4 25.Bxe6+ Qxe6 26.Nf3 fxg3 27.hxg3 Qh3 28.Nc3 Nb6 29.Bd2 Rf5 30.Be1
Rh5 31.Nh4 Rxh4

[Event "9th EUROPEAN  INDIVIDUAL  WOME"]
[Site "Plovdiv, Bulgaria"]
[Date "2008.04.26"]
[Round "6"]
[Board "1"]
[White "Paikidze, Nazi"]
[Black "Bensdorp, Laura"]
[Result "0-1"]
[WhiteElo "2347"]
[BlackElo "2085"]
[PlyCount "100"]
[EventDate "2008.04.21"]
[EventRounds "11"]
[EventCountry "BUL"]

1.d4 f5 2.Nc3 Nf6 3.Bg5 e6 4.Bxf6 Qxf6 5.e4 Bb4 6.e5 Qh6 7.Bd3 Nc6 8.Nge2 b6
9.O-O Bxc3 10.bxc3 Bb7 11.f4 Ne7 12.Qd2 Rg8 13.Rf2 g5 14.c4 gxf4 15.Nxf4 Qh4
16.Bf1 Ng6 17.Ne2 O-O-O 18.g3 Qg4 19.h3 Qh5 20.Kh2 Rdf8 21.Nf4 Nxf4 22.Qxf4 Rf7
23.Be2 Qg6 24.Bf3 Rfg7 25.Rg1 h5 26.a4 Qg5 27.Bxb7+ Kxb7 28.Qf3+ Kb8 29.Rfg2 Qe7
30.c5 h4 31.cxb6 cxb6 32.g4 fxg4 33.Rxg4 Rxg4 34.Rxg4 Rc8 35.Qf2 Qb4 36.Rg2 Qxa4
37.Qxh4 Rxc2 38.Qe4 Rxg2+ 39.Kxg2 a5 40.h4 Qd1 41.Qf4 Ka7 42.Kg3 a4 43.d5 Qb3+
44.Kg4 a3 45.dxe6 Qxe6+ 46.Kg5 a2 47.Qa4+ Kb8 48.Qd4 Qe7+ 49.Kg6 Qc5 50.Qb2 Qg1+

[Event "9th EUROPEAN  INDIVIDUAL  WOME"]
[Site "Plovdiv, Bulgaria"]
[Date "2008.04.26"]
[Round "6"]
[Board "1"]
[White "Ivkina, Olga"]
[Black "Ikonomopoulou, Maria"]
[Result "1-0"]
[WhiteElo "2278"]
[BlackElo "2050"]
[PlyCount "65"]
[EventDate "2008.04.21"]
[EventRounds "11"]
[EventCountry "BUL"]

1.e4 e5 2.Nf3 Nc6 3.Bb5 a6 4.Ba4 Nf6 5.O-O Be7 6.Re1 b5 7.Bb3 d6 8.c3 O-O 9.h3
Na5 10.Bc2 d5 11.exd5 e4 12.Bxe4 Nxe4 13.Rxe4 Bb7 14.d4 Re8 15.Bf4 Nc4 16.b3 Nb6
17.Qd3 Nxd5 18.Bg3 Rc8 19.b4 Nb6 20.Re2 c5 21.bxc5 Rxc5 22.Nbd2 Na4 23.c4 bxc4
24.Qc2 Bxf3 25.Nxf3 Ra5 26.Qxc4 Nb6 27.Qc6 Rb5 28.a4 Rb4 29.Bd6 Rc4 30.Bc5 Nd5
31.Rae1 Rc3 32.Bxe7 Rxe7 33.Rxe7 {Diagram #}

[Event "9th EUROPEAN  INDIVIDUAL  WOME"]
[Site "Plovdiv, Bulgaria"]
[Date "2008.04.26"]
[Round "6"]
[Board "1"]
[White "Gromova, Iulia"]
[Black "Bayrak, Asli"]
[Result "1-0"]
[WhiteElo "2232"]
[BlackElo "2031"]
[PlyCount "107"]
[EventDate "2008.04.21"]
[EventRounds "11"]
[EventCountry "BUL"]

1.d4 d5 2.c4 dxc4 3.Nf3 c5 4.e3 cxd4 5.exd4 e6 6.Bxc4 Nf6 7.O-O Be7 8.Nc3 O-O
9.Qe2 Nc6 10.Rd1 a6 11.d5 exd5 12.Nxd5 Nxd5 13.Bxd5 Qc7 14.Qc4 Bd6 15.Be3 Ne5
16.Nxe5 Bxe5 17.Qxc7 Bxc7 18.Rac1 Be5 19.Bd4 Bf4 20.Rc3 Bg4 21.f3 Bf5 22.Bxb7
Rab8 23.Bxa6 Rfd8 24.Be2 Re8 25.Bd3 Be6 26.Bc4 Bxc4 27.Rxc4 Rbd8 28.Kf1 Re6
29.Re1 Rxe1+ 30.Kxe1 Bxh2 31.a4 h5 32.a5 Ra8 33.Ra4 Bd6 34.a6 Kf8 35.a7 Ke7
36.b4 Kd7 37.Bxg7 Kc6 38.Bc3 Kb5 39.Ra2 Kc4 40.Kd2 Bf4+ 41.Kc2 Be3 42.Be5 Rxa7
43.Rxa7 Bxa7 44.Bd6 Kd5 45.Bf8 Ke5 46.Kd3 Bb8 47.Bh6 f5 48.Kc4 f4 49.b5 Ba7
50.Bg7+ Kf5 51.Kd5 Kg5 52.Bd4 Bb8 53.Bf2 h4 54.Ke6

[Event "9th EUROPEAN  INDIVIDUAL  WOME"]
[Site "Plovdiv, Bulgaria"]
[Date "2008.04.26"]
[Round "6"]
[Board "1"]
[White "Galunova, Tsveta"]
[Black "Stiri, Alexandra"]
[Result "1/2-1/2"]
[WhiteElo "1816"]
[BlackElo "2193"]
[PlyCount "143"]
[EventDate "2008.04.21"]
[EventRounds "11"]
[EventCountry "BUL"]

1.e4 c5 2.c3 Nf6 3.e5 Nd5 4.Nf3 e6 5.d4 cxd4 6.cxd4 d6 7.Nc3 Nxc3 8.bxc3 Qc7
9.Bd2 Nd7 10.exd6 Bxd6 11.Bd3 b6 12.O-O Bb7 13.h3 O-O 14.Re1 Bf4 15.Ng5 h6
16.Ne4 Bxe4 17.Bxf4 Qxf4 18.Rxe4 Qd6 19.Qf3 Rac8 20.Rh4 f5 21.Ba6 Rc7 22.Re1 Rf6
23.d5 e5 24.Rc4 Nc5 25.Bb5 e4 26.Qd1 a6 27.Bc6 Nd3 28.Re2 Ne5 29.Rd4 Rg6 30.Kh1
Nxc6 31.dxc6 Qxc6 32.Qb3+ Kh7 33.Rd8 Qc4 34.Qxc4 Rxc4 35.Rf8 Rf6 36.Ra8 b5
37.Rd2 Rxc3 38.Ra7 e3 39.fxe3 Rxe3 40.Rf2 f4 41.Kh2 Ra3 42.Rd7 f3 43.Ra7 b4
44.gxf3 Rfxf3 45.Rxf3 Rxf3 46.Rxa6 Ra3 47.Rb6 Rxa2+ 48.Kg3 Rb2 49.Kf4 b3 50.Kg3
Rb1 51.Kh2 b2 52.Kg2 g5 53.Kh2 Kg7 54.Kg2 Kf7 55.Kh2 Ke7 56.Kg2 Kd7 57.Kh2 Kc7
58.Rb3 Kc6 59.Kg2 Kc5 60.Rb8 Kd4 61.Rd8+ Ke4 62.Re8+ Kf5 63.Rf8+ Kg6 64.Rb8 h5
65.Rg8+ Kf7 66.Rb8 g4 67.hxg4 hxg4 68.Rb6 Ke7 69.Kh2 Kd7 70.Kg2 Kc7 71.Rb3 Kc6
72.Rb8 {Diagram #}

[Event "9th EUROPEAN  INDIVIDUAL  WOME"]
[Site "Plovdiv, Bulgaria"]
[Date "2008.04.26"]
[Round "6"]
[Board "1"]
[White "Coimbra, Margarida"]
[Black "Boyarchenko, Marie"]
[Result "1/2-1/2"]
[WhiteElo "2120"]
[BlackElo "1877"]
[PlyCount "73"]
[EventDate "2008.04.21"]
[EventRounds "11"]
[EventCountry "BUL"]

1.e4 c5 2.Nc3 e6 3.Nf3 a6 4.g3 b5 5.Bg2 Bb7 6.d3 Nc6 7.Ng5 Nf6 8.f4 h6 9.Nf3 d5
10.exd5 exd5 11.O-O Be7 12.Ne5 Qd6 13.Re1 O-O 14.Qf3 Nd4 15.Qf2 b4 16.Nd1 Rfe8
17.Ne3 Bf8 18.c3 bxc3 19.bxc3 Ne6 20.Rb1 Rab8 21.Nf5 Qc7 22.Re2 d4 23.Rxb7 Rxb7
24.Bxb7 Qxb7 25.Rb2 Qc8 26.c4 Nd8 27.Nh4 Nc6 28.Nhf3 Nxe5 29.Nxe5 Ng4 30.Nxg4
Qxg4 31.Qf1 h5 32.Kf2 h4 33.Re2 Rb8 34.Rb2 Re8 35.Re2 hxg3+ 36.hxg3 Rb8 37.Rb2

[Event "9th EUROPEAN  INDIVIDUAL  WOME"]
[Site "Plovdiv, Bulgaria"]
[Date "2008.04.26"]
[Round "6"]
[Board "1"]
[White "De Rosa, Maria"]
[Black "Nikolaidou, Eleni"]
[Result "1-0"]
[WhiteElo "2094"]
[BlackElo "1817"]
[PlyCount "51"]
[EventDate "2008.04.21"]
[EventRounds "11"]
[EventCountry "BUL"]

1.g3 g6 2.Bg2 Bg7 3.d4 d6 4.e4 Nd7 5.Nf3 Nh6 6.O-O O-O 7.Nc3 c5 8.h3 Qb6 9.Nd5
Qd8 10.Bg5 f6 11.Be3 e6 12.Nf4 Qe7 13.Qd2 Nf7 14.a4 b6 15.h4 Bb7 16.d5 exd5
17.exd5 Nde5 18.Nxe5 Nxe5 19.Ne6 Rfe8 20.b3 c4 21.f4 Ng4 22.Bd4 Bc8 23.Rae1 Bxe6
24.Rxe6 Qd7 25.Rfe1 Rac8 26.Qe2

[Event "9th EUROPEAN  INDIVIDUAL  WOME"]
[Site "Plovdiv, Bulgaria"]
[Date "2008.04.26"]
[Round "6"]
[Board "1"]
[White "Foisor, Mihaela Veronica"]
[Black "Mihajlova, Diana"]
[Result "1-0"]
[WhiteElo "2088"]
[BlackElo "1623"]
[PlyCount "67"]
[EventDate "2008.04.21"]
[EventRounds "11"]
[EventCountry "BUL"]

1.d4 e6 2.c4 f5 3.g3 Nf6 4.Bg2 c6 5.Nf3 Bb4+ 6.Bd2 Qb6 7.Nc3 Ne4 8.c5 Nxc5
9.dxc5 Bxc5 10.O-O Be7 11.Qc2 d5 12.Na4 Qc7 13.Bf4 Bd6 14.Bxd6 Qxd6 15.Qc3 O-O
16.Nc5 b6 17.Nd3 Nd7 18.Nde5 c5 19.Rad1 Ba6 20.Nxd7 Qxd7 21.Qe5 Rae8 22.Ng5 d4
23.Rfe1 Bc4 24.b3 Bd5 25.e3 Qc6 {Diagram #} 26.Nxe6 Rf6 27.Bxd5 Rfxe6 28.Bxe6+
Rxe6 29.Qxf5 Rf6 30.Qg4 Rf3 31.exd4 Rf8 32.Qe6+ Qxe6 33.Rxe6 Kf7 34.d5